[Event "ODJM B 2023"]
[Site "Willingen GER"]
[Date "2023.06.03"]
[Round "9"]
[White "Meitzner, Johan Eduard"]
[Black "Rose, Simeon"]
[Result "1-0"]
[Termination "normal"]
[Board "37"]
[WhiteElo "1262"]
[BlackElo "1416"]
[PlyCount "34"]
[WhiteFideId "34623612"]
[BlackFideId "34625062"]
[EventCountry "GER"]
[EventRounds "9"]
[EventType "swiss"]
[EventDate "2023.05.27"]

1. c4 c5 2. g3 b6 3. Bg2 Nc6 4. Nf3 Bb7 5. e3 e6 6. d4 Nf6 7. Nc3 d5 8. b3 Be7
9. O-O O-O 10. cxd5 Nxd5 11. Nxd5 Qxd5 12. Ba3 Qf5 13. Rc1 Rfd8 14. Qe2 Rac8
15. dxc5 Bxc5 16. Bxc5 bxc5 17. Qb5 Rc7 1-0

[Event "ODJM B 2023"]
[Site "Willingen GER"]
[Date "2023.06.03"]
[Round "9"]
[White "Mohebbi, Sam"]
[Black "Kutz, Paul Matti"]
[Result "1-0"]
[Termination "normal"]
[Board "38"]
[WhiteElo "1555"]
[BlackElo "1537"]
[PlyCount "71"]
[WhiteFideId "34607293"]
[BlackFideId "16296265"]
[EventCountry "GER"]
[EventRounds "9"]
[EventType "swiss"]
[EventDate "2023.05.27"]

1. e4 e6 2. d4 d5 3. Nc3 Bb4 4. e5 c5 5. a3 Ba5 6. Bd2 cxd4 7. Nb5 Nc6 8. Bxa5
Qxa5+ 9. b4 Qb6 10. Nd6+ Ke7 11. f4 Bd7 12. Qh5 g6 13. Qg5+ f6 14. Qg3 Nh6 15.
Bd3 Nf5 16. Nxf5+ exf5 17. Nf3 a5 18. b5 Na7 19. a4 Nxb5 20. axb5 Bxb5 21.
exf6+ Kxf6 22. Qg5+ Kg7 23. Qe7+ Kh6 24. O-O Rhe8 25. Qg5+ Kg7 26. Rab1 a4 27.
Rxb5 Qf6 28. Rxb7+ Qf7 29. Rxf7+ Kxf7 30. Ne5+ Kg7 31. Bxf5 a3 32. Ra1 a2 33.
Bd7 Reb8 34. Qe7+ Kg8 35. Be6+ Kh8 36. Qf6# 1-0

[Event "ODJM B 2023"]
[Site "Willingen GER"]
[Date "2023.06.03"]
[Round "9"]
[White "Hartwig, Eric-Jordan"]
[Black "Sensoy, Emir"]
[Result "0-1"]
[Termination "normal"]
[Board "39"]
[WhiteElo "1534"]
[BlackElo "1418"]
[PlyCount "66"]
[WhiteFideId "16298454"]
[BlackFideId "34607390"]
[EventCountry "GER"]
[EventRounds "9"]
[EventType "swiss"]
[EventDate "2023.05.27"]

1. e4 c5 2. Nc3 Nc6 3. g3 g6 4. Bg2 Bg7 5. d3 e6 6. Be3 d6 7. Qd2 Nge7 8. Bh6
O-O 9. Bxg7 Kxg7 10. Nge2 Nd4 11. Nc1 Rb8 12. Nd1 b5 13. c3 Ndc6 14. O-O a5 15.
Ne3 e5 16. Ne2 b4 17. f4 f6 18. h4 h5 19. f5 bxc3 20. bxc3 gxf5 21. exf5 Kf7
22. a3 Rg8 23. Qa2+ Kg7 24. Bf3 Qe8 25. Be4 Bd7 26. Nc4 Nc8 27. Bd5 Rh8 28.
Bxc6 Bxc6 29. Nxa5 Ba8 30. Nc4 Qc6 31. Kf2 Nb6 32. Nd2 Na4 33. Ne4 d5 0-1

[Event "ODJM B 2023"]
[Site "Willingen GER"]
[Date "2023.06.03"]
[Round "9"]
[White "Hoffmann, Sophia"]
[Black "Junge, Julia"]
[Result "1/2-1/2"]
[Termination "normal"]
[Board "40"]
[WhiteElo "1315"]
[BlackElo "1367"]
[PlyCount "56"]
[WhiteFideId "16259130"]
[BlackFideId "16293908"]
[EventCountry "GER"]
[EventRounds "9"]
[EventType "swiss"]
[EventDate "2023.05.27"]

1. d4 d5 2. Bf4 Bf5 3. c4 e6 4. e3 Nd7 5. Nc3 Ngf6 6. Nf3 c6 7. Rc1 Qa5 8. Qb3
Bb4 9. a3 Bxc3+ 10. Qxc3 Qxc3+ 11. Rxc3 O-O 12. cxd5 exd5 13. Rb3 Nb6 14. Bc7
Nfd7 15. Ne5 Bc2 16. Rc3 Bf5 17. Nxd7 Nxd7 18. Rb3 b6 19. Ba6 c5 20. Bb7 c4 21.
Rc3 Nf6 22. Bxa8 Rxa8 23. f3 Rc8 24. Be5 Nd7 25. Bg3 a5 26. Kd2 b5 27. Ra1 Nb6
28. Ra2 Bb1 1/2-1/2

[Event "ODJM B 2023"]
[Site "Willingen GER"]
[Date "2023.06.03"]
[Round "9"]
[White "Oblender, Rudi"]
[Black "Wang, Simon"]
[Result "1-0"]
[Termination "normal"]
[Board "41"]
[WhiteElo "1391"]
[BlackElo "1483"]
[PlyCount "141"]
[WhiteFideId "34625089"]
[BlackFideId "34605398"]
[EventCountry "GER"]
[EventRounds "9"]
[EventType "swiss"]
[EventDate "2023.05.27"]

1. e4 c6 2. Nc3 d5 3. exd5 cxd5 4. d4 Nf6 5. Nf3 Nc6 6. Bd3 Bg4 7. Be3 g6 8. h3
Bxf3 9. Qxf3 Bg7 10. O-O-O a6 11. Rhe1 h6 12. a3 O-O 13. g4 e6 14. Ne2 b5 15.
g5 hxg5 16. Bxg5 Kh7 17. h4 Bh6 18. Rh1 Rh8 19. Kb1 Kg7 20. c3 Bxg5 21. hxg5
Nh7 22. Rdg1 Nxg5 23. Qe3 Rxh1 24. Rxh1 Qe7 25. f4 Nh7 26. f5 Ng5 27. fxg6 f6
28. Nf4 f5 29. Nxe6+ Qxe6 30. Qxg5 Qxg6 31. Rh7+ Kxh7 32. Bxf5 Rg8 33. Bxg6+
Rxg6 34. Qf5 Kh6 35. Qxd5 Na5 36. Qh1+ Kg7 37. d5 Nc4 38. Qe1 Kf7 39. b3 Nd6
40. Qf2+ Rf6 41. Qa7+ Ke8 42. Qxa6 Ne4 43. Qxb5+ Ke7 44. Qe2 Rf1+ 45. Qxf1 Nd2+
46. Kc2 Nxf1 47. Kd3 Kd6 48. c4 Ng3 49. b4 Nf5 50. a4 Ne7 51. a5 Nc8 52. Kd4
Kc7 53. Kc5 Nd6 54. b5 Nb7+ 55. Kb4 Kb8 56. c5 Nd8 57. c6 Kc7 58. Kc5 Kb8 59.
b6 Kc8 60. a6 Nb7+ 61. cxb7+ Kb8 62. a7+ Kxb7 63. d6 Kc8 64. a8=Q+ Kd7 65. Qb7+
Ke6 66. Qe7+ Kf5 67. d7 Kg4 68. Qf7 Kh3 69. Qg7 Kh2 70. d8=R Kh1 71. Rh8# 1-0

[Event "ODJM B 2023"]
[Site "Willingen GER"]
[Date "2023.06.03"]
[Round "9"]
[White "Roth, Jonas"]
[Black "Schöne, Finn"]
[Result "1-0"]
[Termination "normal"]
[Board "42"]
[WhiteElo "1529"]
[BlackElo "1411"]
[PlyCount "119"]
[WhiteFideId "34623515"]
[BlackFideId "34623493"]
[EventCountry "GER"]
[EventRounds "9"]
[EventType "swiss"]
[EventDate "2023.05.27"]

1. d4 d5 2. Nc3 Nf6 3. Bf4 a6 4. e3 e6 5. Bd3 c5 6. dxc5 Bxc5 7. Nf3 Nc6 8. a3
O-O 9. g4 Re8 10. Bg5 Be7 11. h4 h6 12. Bxf6 Bxf6 13. g5 hxg5 14. hxg5 Bxg5 15.
Nxg5 Qxg5 16. Qf3 Ne5 17. Qh3 Nxd3+ 18. Kd2 f6 19. Qh7+ Kf7 20. Rag1 Ne5 21.
Rxg5 Nf3+ 22. Kc1 Nxg5 23. Qh2 b5 24. f4 Ne4 25. Nxe4 dxe4 26. Qh5+ Kf8 27. Qg6
Bd7 28. Rh8+ Ke7 29. Qxg7+ Kd6 30. Rh7 Rad8 31. Qxf6 Rg8 32. Qe5+ Kc6 33. Qxe4+
Kb6 34. Qd4+ Kc6 35. Qc3+ Kb6 36. Rg7 Rh8 37. b3 Rh1+ 38. Kb2 Bc6 39. Qe5 Rhd1
40. Qc7+ Kc5 41. b4+ Kd5 42. Rg5+ Ke4 43. Re5+ Kf3 44. Qxc6+ Kf2 45. Qxe6 R8d6
46. Qh3 R6d2 47. Rg5 Re2 48. Rg2+ Ke1 49. Rxe2+ Kxe2 50. Qg4+ Kxe3 51. Qxd1
Kxf4 52. Kc3 Ke5 53. Qd4+ Kf5 54. Kd3 Ke6 55. Ke4 Kf7 56. Qd6 a5 57. Kf5 a4 58.
Qd7+ Kf8 59. Kg6 Kg8 60. Qe8# 1-0

[Event "ODJM B 2023"]
[Site "Willingen GER"]
[Date "2023.06.03"]
[Round "9"]
[White "Köpnick, Amanda"]
[Black "Stepanjan, Tatevik Mia"]
[Result "1-0"]
[Termination "normal"]
[Board "43"]
[WhiteElo "1271"]
[BlackElo "1206"]
[PlyCount "127"]
[WhiteFideId "34618538"]
[BlackFideId "16246128"]
[EventCountry "GER"]
[EventRounds "9"]
[EventType "swiss"]
[EventDate "2023.05.27"]

1. e4 c5 2. Nf3 Nc6 3. d4 cxd4 4. Nxd4 a6 5. Be2 e6 6. O-O Bc5 7. Be3 Qe7 8.
Nxc6 bxc6 9. Bxc5 Qxc5 10. Nd2 Nf6 11. Bd3 O-O 12. Re1 d6 13. Nf1 a5 14. Qe2
Bb7 15. Ne3 Qb4 16. c3 Qb6 17. Rab1 c5 18. Ng4 Qd8 19. Nxf6+ Qxf6 20. Qh5 Qe5
21. Qh4 h6 22. Re3 d5 23. exd5 Qf6 24. Qxf6 gxf6 25. dxe6 fxe6 26. Rxe6 Bd5 27.
Rb6 Bxa2 28. Ra1 Rfd8 29. Rxa2 Rxd3 30. g3 Kg7 31. Rb5 c4 32. Raxa5 Rxa5 33.
Rxa5 Rd2 34. Rb5 Rc2 35. Kf1 Kf7 36. Ke1 Ke6 37. Rc5 Rxb2 38. Rxc4 Rc2 39. Kf1
Kd5 40. Rc8 Ke4 41. Kg2 Kd3 42. Kf3 h5 43. c4 Kd4 44. Rh8 Rxc4 45. Rxh5 Rc3+
46. Kg2 Ke4 47. Rh4+ Ke5 48. Rf4 Rc7 49. h4 Rh7 50. Kf3 Rh6 51. Re4+ Kf5 52.
g4+ Kg6 53. Kg3 Kg7 54. f4 Rg6 55. h5 Rh6 56. Kh4 Kf7 57. g5 fxg5+ 58. fxg5 Rh8
59. g6+ Kg7 60. Kg5 Kg8 61. Re8+ Kg7 62. h6+ Rxh6 63. Re7+ Kh8 64. Kxh6 1-0

[Event "ODJM B 2023"]
[Site "Willingen GER"]
[Date "2023.06.03"]
[Round "9"]
[White "Aguike, Chidera"]
[Black "Jacoby, Angelina"]
[Result "1-0"]
[Termination "normal"]
[Board "44"]
[WhiteElo "1449"]
[BlackElo "1583"]
[PlyCount "117"]
[WhiteFideId "34611339"]
[BlackFideId "12999008"]
[EventCountry "GER"]
[EventRounds "9"]
[EventType "swiss"]
[EventDate "2023.05.27"]

1. e4 d5 2. exd5 Qxd5 3. d4 Nf6 4. Nf3 Bg4 5. Be2 c6 6. O-O e6 7. h3 Bf5 8. c4
Qd8 9. Nc3 Be7 10. Qb3 Qc7 11. Bf4 Qb6 12. Qxb6 axb6 13. Rac1 O-O 14. a3 Nbd7
15. Bh2 Ne4 16. Rfe1 Bd6 17. Nh4 Bxh2+ 18. Kxh2 Nxc3 19. Rxc3 Bg6 20. Nxg6 hxg6
21. Bf3 Rfe8 22. Rce3 Nf6 23. d5 exd5 24. Rxe8+ Rxe8 25. Rxe8+ Nxe8 26. cxd5 c5
27. Kg3 f6 28. Kf4 Kf7 29. a4 Nd6 30. Kg3 Ke7 31. Kf4 Nc4 32. b3 Ne5 33. Be2
Kd6 34. Bc4 Nf7 35. g4 Ne5 36. h4 Nd7 37. Ke4 Ne5 38. f3 Nd7 39. f4 Nf8 40. f5
Kd7 41. fxg6 Nxg6 42. h5 Ne7 43. Kf4 Kd6 44. g5 Ng8 45. gxf6 Nxf6 46. Kg5 Ke5
47. Kg6 b5 48. axb5 b6 49. Be2 Kxd5 50. Kxg7 Nxh5+ 51. Bxh5 c4 52. bxc4+ Kxc4
53. Be2+ Kc5 54. Kf6 Kd6 55. Bf3 Kc7 56. Ke6 Kc8 57. Kd6 Kb8 58. Kc6 Ka7 59.
Bg4 1-0

[Event "ODJM B 2023"]
[Site "Willingen GER"]
[Date "2023.06.03"]
[Round "9"]
[White "Fettig, Konrad"]
[Black "Goda, Maurice"]
[Result "0-1"]
[Termination "normal"]
[Board "45"]
[WhiteElo "1601"]
[BlackElo "1453"]
[PlyCount "57"]
[WhiteFideId "34622888"]
[BlackFideId "34640940"]
[EventCountry "GER"]
[EventRounds "9"]
[EventType "swiss"]
[EventDate "2023.05.27"]

1. e4 c5 2. Nf3 e6 3. d4 cxd4 4. Nxd4 Nc6 5. Nc3 Qc7 6. Be2 a6 7. O-O b5 8. Nf3
Bb7 9. Be3 Nf6 10. Nd2 Rd8 11. Bg5 Be7 12. Bxf6 Bxf6 13. a3 h5 14. Nb3 h4 15.
Nc5 Bc8 16. Nd3 Ne5 17. Nb4 Bb7 18. f4 Nc4 19. Bxc4 Qxc4 20. e5 Be7 21. Qd3
Bc5+ 22. Kh1 h3 23. Nbd5 exd5 24. e6 dxe6 25. f5 hxg2+ 26. Kxg2 Qg4+ 27. Qg3
d4+ 28. Kg1 Qxg3+ 29. hxg3 0-1

[Event "ODJM B 2023"]
[Site "Willingen GER"]
[Date "2023.06.03"]
[Round "9"]
[White "Göb, Franziska"]
[Black "Brandt, Clara"]
[Result "1/2-1/2"]
[Termination "normal"]
[Board "46"]
[WhiteElo "1278"]
[BlackElo "1254"]
[PlyCount "42"]
[WhiteFideId "16293177"]
[BlackFideId "34614737"]
[EventCountry "GER"]
[EventRounds "9"]
[EventType "swiss"]
[EventDate "2023.05.27"]

1. e4 e6 2. d4 d5 3. exd5 exd5 4. Nf3 Nc6 5. c3 Bg4 6. Bd3 Bd6 7. O-O Nge7 8.
h3 Bh5 9. Be3 Qd7 10. Re1 O-O-O 11. Nbd2 Kb8 12. Qc2 h6 13. Nh4 Qe8 14. Nf5
Nxf5 15. Bxf5 Ne7 16. Bd3 Bg6 17. Bxg6 fxg6 18. Nf3 g5 19. Rad1 Qf7 20. Bc1 Qf5
21. Qxf5 Nxf5 1/2-1/2

[Event "ODJM B 2023"]
[Site "Willingen GER"]
[Date "2023.06.03"]
[Round "9"]
[White "Schirmer, Sara"]
[Black "Hensen, Malte"]
[Result "1/2-1/2"]
[Termination "normal"]
[Board "47"]
[WhiteElo "1406"]
[BlackElo "1484"]
[PlyCount "72"]
[WhiteFideId "16297580"]
[BlackFideId "34660356"]
[EventCountry "GER"]
[EventRounds "9"]
[EventType "swiss"]
[EventDate "2023.05.27"]

1. e4 e5 2. Bc4 Nf6 3. d3 d5 4. exd5 Nxd5 5. Nf3 Bg4 6. Be3 Nc6 7. O-O Be7 8.
Nbd2 O-O 9. c3 Nxe3 10. fxe3 Na5 11. b4 Nxc4 12. Nxc4 f6 13. Qb3 Kh8 14. Rad1
Be6 15. a4 a6 16. Qc2 Qe8 17. Ra1 e4 18. Nd4 exd3 19. Qxd3 Rd8 20. Na5 b6 21.
Nac6 Qxc6 22. Nxc6 Rxd3 23. Nxe7 Rxc3 24. Rac1 Rxe3 25. Rxc7 Re8 26. Rfc1 Bb3
27. Nf5 Re1+ 28. Rxe1 Rxe1+ 29. Kf2 Re8 30. Nxg7 Rg8 31. Nh5 Rf8 32. a5 bxa5
33. bxa5 Bd1 34. Nf4 Ba4 35. h4 Kg8 36. h5 Rf7 1/2-1/2

[Event "ODJM B 2023"]
[Site "Willingen GER"]
[Date "2023.06.03"]
[Round "9"]
[White "Golke, Philipp"]
[Black "Farokhi, Darian"]
[Result "0-1"]
[Termination "normal"]
[Board "48"]
[WhiteElo "1374"]
[BlackElo "1455"]
[PlyCount "50"]
[WhiteFideId "34625259"]
[BlackFideId "16253108"]
[EventCountry "GER"]
[EventRounds "9"]
[EventType "swiss"]
[EventDate "2023.05.27"]

1. e4 e5 2. Nf3 Nc6 3. Bc4 Nf6 4. Ng5 d5 5. exd5 Na5 6. Bb5+ c6 7. dxc6 bxc6 8.
Bf1 h6 9. Nf3 e4 10. Qe2 Be6 11. Ng1 Bc5 12. Nc3 O-O 13. d3 Bg4 14. Qd2 Re8 15.
Be2 exd3 16. Qxd3 Qb6 17. Be3 Bxe3 18. fxe3 Rxe3 19. Qd2 Rd8 20. Qc1 Rde8 21.
Rb1 Nd5 22. Qd1 Nxc3 23. bxc3 Qa6 24. Kf2 Bxe2 25. Nxe2 Rxe2+ 0-1

[Event "ODJM B 2023"]
[Site "Willingen GER"]
[Date "2023.06.03"]
[Round "9"]
[White "Kraus, Johanna"]
[Black "Pac, Maksym"]
[Result "0-1"]
[Termination "normal"]
[Board "50"]
[WhiteElo "1408"]
[BlackElo "1249"]
[PlyCount "66"]
[WhiteFideId "34653872"]
[BlackFideId "34623558"]
[EventCountry "GER"]
[EventRounds "9"]
[EventType "swiss"]
[EventDate "2023.05.27"]

1. d4 d5 2. c4 e6 3. Nc3 c6 4. Nf3 dxc4 5. a4 Bb4 6. e4 b5 7. axb5 cxb5 8. Bd2
Bxc3 9. Bxc3 Nf6 10. Nd2 a5 11. b3 b4 12. Bxb4 Bb7 13. Bc3 Nxe4 14. Nxe4 Bxe4
15. f3 Bb7 16. Bxc4 Qh4+ 17. g3 Qh5 18. O-O O-O 19. g4 Qg5 20. Qc2 Nc6 21. Rae1
Rfd8 22. Qf2 Rd7 23. Re4 Rad8 24. Rfe1 Kf8 25. h4 Qe7 26. Rf4 Qd6 27. Ree4 Ne7
28. d5 Ng6 29. Bxg7+ Kxg7 30. Qd4+ Kg8 31. Rf6 Bxd5 32. Bxd5 Qg3+ 33. Kf1 Rxd5
0-1